| 000 | 00872nam a2200217Ia 4500 | ||
|---|---|---|---|
| 999 |
_c40102 _d40102 |
||
| 001 | 6708 | ||
| 003 | GE_BSU | ||
| 005 | 20191224165457.0 | ||
| 008 | 181216s1969||||ge |||||||||||||| ||geo|| | ||
| 040 | _cGE_BSU | ||
| 041 | _ageo | ||
| 080 | _a821.353.1-32 გ-37 | ||
| 100 |
_aგერსამია, იასონ. _95958 |
||
| 245 |
_aმზვერავის ნაამბობი : _bმოთხრობა / _cიასონ გერსამია ; რედ. ს. დემურხანაშვილი. |
||
| 264 |
_aთბილისი : _bნაკადული, _c1969. |
||
| 300 |
_a86 გვ. ; _c17 სმ. |
||
| 653 | _aმზვერავის ნაამბობი | ||
| 653 | _aმოთხრობა | ||
| 700 |
_aდემურხანაშვილი, ს. _eრედაქტორი _94193 |
||
| 942 |
_cBK _2udc |
||